|
|
|
|
| LEADER |
01299nam a2200373 a 4500 |
| 001 |
000276196 |
| 003 |
CZ BrMZK |
| 005 |
20211209125334.0 |
| 007 |
ta |
| 008 |
970101s1997 xr e f 0 cze d |
| 020 |
|
|
|z 80-7198-270-8
|
| 040 |
|
|
|a BOA001
|b cze
|
| 072 |
|
7 |
|a 25
|x Náboženství, mytologie, kulty
|2 Konspekt
|9 5
|
| 080 |
|
|
|a (=15)
|2 MRF
|
| 080 |
|
|
|a 2-5
|2 MRF
|
| 080 |
|
|
|a 257.6
|2 MRF
|
| 080 |
|
|
|a 2-4
|2 MRF
|
| 080 |
|
|
|a (048.8)
|2 MRF
|
| 080 |
|
|
|a (035)
|2 MRF
|
| 100 |
1 |
|
|a Matthews, Caitlin,
|d 1952-
|7 jn19981001827
|4 aut
|
| 245 |
1 |
0 |
|a Keltské rituály :
|b modlitby a požehnání pro každý den /
|c Caitlín Matthewsová ; [z angličtiny přeložil Martin Konvička].
|
| 260 |
|
|
|a Olomouc :
|b Votobia,
|c 1997
|
| 300 |
|
|
|a 187 s. ;
|c 21 cm
|
| 650 |
0 |
7 |
|a Keltové
|7 ph117669
|2 czenas
|
| 650 |
0 |
7 |
|a rituály a obřady
|7 ph125170
|2 czenas
|
| 650 |
0 |
7 |
|a keltská náboženství
|7 ph221304
|2 czenas
|
| 650 |
0 |
7 |
|a náboženský život
|7 ph123387
|2 czenas
|
| 655 |
|
7 |
|a přehledy
|7 fd133202
|2 czenas
|
| 655 |
|
7 |
|a příručky
|7 fd133209
|2 czenas
|
| 700 |
1 |
|
|a Konvička, Martin,
|d 1969-
|7 jn20001227057
|4 trl
|
| 765 |
0 |
|
|t Celtic devotional
|
| 910 |
|
|
|a BOA001
|b 2-1042.050
|
| 990 |
|
|
|a BK
|
| 996 |
6 |
|
|b 2610065801
|c 2-1042.050
|l MZK
|r Sklad / do 1 hodiny
|n 36
|p p.v.
|w 000276196
|u 000010
|a 1
|e BOA001
|j MZK50
|s P
|